Welcome to the Holygrace Academy Library

Please use search bar below to get started

THE HARDY BOYS - MOVIE MAYHEM (Record no. 7791)

MARC details
000 -LEADER
fixed length control field 00622nam a22001457a 4500
020 ## - INTERNATIONAL STANDARD BOOK NUMBER
ISBN 978-1-4424-0260-7
082 ## - DEWEY DECIMAL CLASSIFICATION NUMBER
Classification number 823
Item number DIX/H
100 ## - MAIN ENTRY--AUTHOR NAME
Personal name DIXON, FRANKLIN W
245 ## - TITLE STATEMENT
Title THE HARDY BOYS - MOVIE MAYHEM
260 ## - PUBLICATION, DISTRIBUTION, ETC. (IMPRINT)
Place of publication NEW YORK
Name of publisher ALADDIN PAPERBACKS
Year of publication 2012
300 ## - PHYSICAL DESCRIPTION
Number of Pages 167
520 ## - SUMMARY, ETC.
Summary, etc Frank and Joe Hardy have been posing as extras on the set of the upcoming teen movie, Deathstalker. The star, an ingenue named Anya, has already had her trailer burn down, and the Undercover Brothers had their work cut out for them keeping her safe at a comic book convention.
650 ## - SUBJECT ADDED ENTRY--TOPICAL TERM
Topical Term MYSTERY STORY
Geographic subdivision UNITED STATES
942 ## - ADDED ENTRY ELEMENTS (KOHA)
Koha item type Books
Holdings
Withdrawn status Lost status Collection code Home library Current library Shelving location Date acquired Source of acquisition Cost, normal purchase price Full call number Accession Number Koha item type
    Fiction Main Library Main Library NEW SHELF WITH NEW ENTRY 20/11/2023 purchase 250.00 823 DIX/H 13427 Books